Automarken (bekannt und nicht so bekannt) - Statistiken

Allgemein
  • Dieses Quiz wurde 2.305 mal gespielt
  • Das Durchschnittsergebnis liegt bei 8 aus 16
Antwortstatistiken
Bildquiz Antwort % Korrekt
Bentley
91%
Kia
84%
Volvo
81%
Maserati
78%
Dacia
77%
Subaru
74%
Smart
73%
Cupra
68%
Cadillac
50%
Lotus
48%
Polestar
36%
Alpine
35%
Alpina
16%
Lada
15%
Spyker
5%
Borgward
4%
Keine übereinstimmenden Quizze gefunden
Verteilung der Resultate
Anzahl Personen mit jedem Resultat
Perzentil nach korrekt beantworteten Fragen
Ihre Resultats-Entwicklung
Sie haben dieses Quiz noch nicht gespielt